000 00952nam a22002055i 4500
001 166942
003 ES-MaACL
005 20231204180721.0
008 940206s1845 sp |||| | spa d
080 _a628.1(460.27 M.)
100 1 _aVallejo, José Mariano,
_d1779-1846
_9139765
245 1 0 _aFelicidad de Madrid y aun de toda la España o Aclaraciones acerca del modo de realizar el abastecimiento de aguas a esta capital, en siete meses y con un solo millon de gastos... /
_cpor José Mariano Vallejo.
260 _aMadrid :
_b[s.n.],
_c1845 (
_fImp. Garrasayaza)
300 _aVIII, 69 p., [1] h. pleg. ;
_c23 cm.
530 _aDisponible en formato digital.
650 4 _aAgua-
_xAbastecimiento-
_zMadrid (Comunidad Autónoma)
_9174820
852 4 _aES-MaACL
_jT-21-F-10
_z- Enc. hol.
_z- Enc. en un vol. facticio
856 4 _uhttp://bdh-rd.bne.es/viewer.vm?id=0000114302&page=1
_zBiblioteca Digital Hispánica
999 _c166942
_d166942